[Event "blitz-d18"]
[Site "?"]
[Date "2021.08.27"]
[Round "13.1"]
[White "Wolagiewicz, Kinga"]
[Black "Dylag, Emilia"]
[Result "1/2-1/2"]
[BlackElo "1876"]
[WhiteElo "1536"]
[LiveChessVersion "1.4.4"]

1. e4 {[%clk 0:03:03]} e5 {[%clk 0:03:03]} 2. Nf3 {[%clk 0:03:04]} Nc6
{[%clk 0:03:04]} 3. Bb5 {[%clk 0:03:05]} a6 {[%clk 0:03:05]} 4. Ba4
{[%clk 0:03:06]} Nf6 {[%clk 0:03:05]} 5. Qe2 {[%clk 0:03:07]} b5 {[%clk 0:03:03]}
6. Bb3 {[%clk 0:03:08]} Bc5 {[%clk 0:03:01]} 7. a4 {[%clk 0:03:07]} Rb8
{[%clk 0:03:02]} 8. c3 {[%clk 0:03:08]} d6 {[%clk 0:02:58]} 9. O-O
{[%clk 0:03:08]} O-O {[%clk 0:02:58]} 10. d3 {[%clk 0:03:08]} h6 {[%clk 0:02:58]}
11. Re1 {[%clk 0:03:07]} Re8 {[%clk 0:02:53]} 12. h3 {[%clk 0:03:08]} Bb6
{[%clk 0:02:50]} 13. Nbd2 {[%clk 0:03:08]} Be6 {[%clk 0:02:48]} 14. Bc2
{[%clk 0:03:08]} d5 {[%clk 0:02:45]} 15. Nf1 {[%clk 0:02:57]} Qd7
{[%clk 0:02:38]} 16. N3h2 {[%clk 0:02:54]} dxe4 {[%clk 0:02:27]} 17. dxe4
{[%clk 0:02:53]} Na5 {[%clk 0:02:07]} 18. Qf3 {[%clk 0:02:48]} Qe7
{[%clk 0:02:02]} 19. Ng3 {[%clk 0:02:43]} Nc4 {[%clk 0:01:37]} 20. Nf5
{[%clk 0:02:40]} Bxf5 {[%clk 0:01:36]} 21. exf5 {[%clk 0:02:35]} e4
{[%clk 0:01:33]} 22. Qg3 {[%clk 0:02:34]} Nh5 {[%clk 0:01:27]} 23. Qg4
{[%clk 0:02:28]} Nf6 {[%clk 0:01:19]} 24. Qg3 {[%clk 0:02:28]} Nh5
{[%clk 0:01:17]} 1/2-1/2

[Event "blitz-d18"]
[Site "?"]
[Date "2021.08.27"]
[Round "13.2"]
[White "Sloniewska, Alicja"]
[Black "Jarocka, Liwia"]
[Result "0-1"]
[BlackElo "1837"]
[WhiteElo "1350"]
[LiveChessVersion "1.4.4"]

1. d4 {[%clk 0:03:04]} Nf6 {[%clk 0:03:03]} 2. c4 {[%clk 0:03:05]} e6
{[%clk 0:03:05]} 3. Nc3 {[%clk 0:03:06]} Bb4 {[%clk 0:03:06]} 4. e3
{[%clk 0:03:06]} O-O {[%clk 0:03:06]} 5. Nge2 {[%clk 0:03:07]} d5
{[%clk 0:03:06]} 6. a3 {[%clk 0:03:08]} Be7 {[%clk 0:03:06]} 7. Ng3
{[%clk 0:03:08]} c6 {[%clk 0:03:05]} 8. Bd3 {[%clk 0:03:08]} Nbd7
{[%clk 0:03:02]} 9. O-O {[%clk 0:03:08]} dxc4 {[%clk 0:03:01]} 10. Bxc4
{[%clk 0:03:09]} b5 {[%clk 0:03:02]} 11. Bd3 {[%clk 0:03:10]} Bb7
{[%clk 0:03:03]} 12. Nce4 {[%clk 0:03:04]} a6 {[%clk 0:02:58]} 13. b3
{[%clk 0:02:53]} c5 {[%clk 0:02:56]} 14. dxc5 {[%clk 0:02:49]} Nxc5
{[%clk 0:02:55]} 15. Nxc5 {[%clk 0:02:48]} Bxc5 {[%clk 0:02:55]} 16. b4
{[%clk 0:02:48]} Be7 {[%clk 0:02:52]} 17. Be2 {[%clk 0:02:46]} Rc8
{[%clk 0:02:44]} 18. Bb2 {[%clk 0:02:46]} Qd5 {[%clk 0:02:22]} 19. Bf3
{[%clk 0:02:36]} Qxd1 {[%clk 0:02:22]} 20. Bxd1 {[%clk 0:02:35]} Rfd8
{[%clk 0:02:21]} 21. Bb3 {[%clk 0:02:12]} Bd5 {[%clk 0:01:58]} 22. Bxd5
{[%clk 0:02:03]} Nxd5 {[%clk 0:01:59]} 23. Rac1 {[%clk 0:02:03]} Nb6
{[%clk 0:01:58]} 24. Bd4 {[%clk 0:01:46]} Nc4 {[%clk 0:01:58]} 25. Ra1
{[%clk 0:01:40]} e5 {[%clk 0:01:55]} 26. Bc3 {[%clk 0:01:36]} Nxe3
{[%clk 0:01:50]} 27. fxe3 {[%clk 0:01:29]} Rxc3 {[%clk 0:01:50]} 28. Rf3
{[%clk 0:01:20]} g6 {[%clk 0:01:38]} 29. Ne4 {[%clk 0:01:18]} Rcd3
{[%clk 0:01:34]} 30. Raf1 {[%clk 0:01:03]} f5 {[%clk 0:01:33]} 31. Nf2
{[%clk 0:01:01]} Rxa3 {[%clk 0:01:32]} 32. Nd1 {[%clk 0:00:55]} Bxb4
{[%clk 0:01:28]} 0-1

[Event "blitz-d18"]
[Site "?"]
[Date "2021.08.27"]
[Round "13.3"]
[White "Czarnecka, Lidia"]
[Black "Giefert, Sara"]
[Result "1-0"]
[BlackElo "1375"]
[WhiteElo "1886"]
[LiveChessVersion "1.4.4"]

1. e4 {[%clk 0:03:02]} e5 {[%clk 0:03:02]} 2. Nf3 {[%clk 0:03:02]} Nc6
{[%clk 0:03:02]} 3. d4 {[%clk 0:03:02]} exd4 {[%clk 0:03:02]} 4. Nxd4
{[%clk 0:03:02]} Nf6 {[%clk 0:03:02]} 5. Nxc6 {[%clk 0:03:02]} bxc6
{[%clk 0:03:03]} 6. Bd3 {[%clk 0:03:03]} Bc5 {[%clk 0:02:59]} 7. O-O
{[%clk 0:03:03]} O-O {[%clk 0:02:59]} 8. Bg5 {[%clk 0:03:03]} d6 {[%clk 0:02:56]}
9. Nd2 {[%clk 0:03:00]} h6 {[%clk 0:02:55]} 10. Bh4 {[%clk 0:03:00]} g5
{[%clk 0:02:49]} 11. Bg3 {[%clk 0:03:01]} Rb8 {[%clk 0:02:41]} 12. Nb3
{[%clk 0:03:01]} Bb6 {[%clk 0:02:40]} 13. c4 {[%clk 0:02:50]} a5 {[%clk 0:02:30]}
14. Qc2 {[%clk 0:02:34]} Qe7 {[%clk 0:02:12]} 15. Rfe1 {[%clk 0:02:34]} Ng4
{[%clk 0:02:02]} 16. Qc3 {[%clk 0:02:15]} Ne5 {[%clk 0:01:59]} 17. Bf1
{[%clk 0:02:11]} f5 {[%clk 0:01:49]} 18. exf5 {[%clk 0:02:04]} Rxf5
{[%clk 0:01:50]} 19. Nd4 {[%clk 0:02:01]} Bxd4 {[%clk 0:01:43]} 20. Qxd4
{[%clk 0:02:02]} Qf6 {[%clk 0:01:29]} 21. Qd2 {[%clk 0:01:57]} Bd7
{[%clk 0:01:23]} 22. b3 {[%clk 0:01:57]} h5 {[%clk 0:01:18]} 23. f3
{[%clk 0:01:57]} h4 {[%clk 0:01:13]} 24. Bf2 {[%clk 0:01:57]} Rf8
{[%clk 0:01:06]} 25. Bd4 {[%clk 0:01:54]} c5 {[%clk 0:01:01]} 26. Bc3
{[%clk 0:01:55]} Rxf3 {[%clk 0:00:46]} 27. Bxe5 {[%clk 0:01:47]} Rxf1+
{[%clk 0:00:32]} 28. Rxf1 {[%clk 0:01:48]} Qxe5 {[%clk 0:00:30]} 29. Rae1
{[%clk 0:01:47]} Qg7 {[%clk 0:00:23]} 30. Rxf8+ {[%clk 0:01:47]} Kxf8
{[%clk 0:00:24]} 31. Rf1+ {[%clk 0:01:47]} Kg8 {[%clk 0:00:24]} 32. Qxa5
{[%clk 0:01:46]} Bc6 {[%clk 0:00:19]} 33. Qd2 {[%clk 0:01:46]} Qe5
{[%clk 0:00:17]} 34. Re1 {[%clk 0:01:41]} Qf5 {[%clk 0:00:16]} 35. Qf2
{[%clk 0:01:41]} Qg4 {[%clk 0:00:12]} 36. h3 {[%clk 0:01:35]} Qd4
{[%clk 0:00:06]} 37. Qxd4 {[%clk 0:01:34]} cxd4 {[%clk 0:00:07]} 38. Rd1
{[%clk 0:01:35]} d3 {[%clk 0:00:05]} 39. Rxd3 {[%clk 0:01:36]} Kf7
{[%clk 0:00:06]} 40. Re3 {[%clk 0:01:35]} Kf6 {[%clk 0:00:07]} 41. b4
{[%clk 0:01:35]} Bd7 {[%clk 0:00:08]} 42. a3 {[%clk 0:01:35]} Bf5
{[%clk 0:00:08]} 43. Kf2 {[%clk 0:01:35]} c6 {[%clk 0:00:09]} 44. Re8
{[%clk 0:01:30]} Be6 {[%clk 0:00:09]} 45. c5 {[%clk 0:01:29]} dxc5
{[%clk 0:00:07]} 46. bxc5 {[%clk 0:01:30]} Ke5 {[%clk 0:00:07]} 47. a4
{[%clk 0:01:32]} Kd5 {[%clk 0:00:07]} 48. a5 {[%clk 0:01:33]} Bd7
{[%clk 0:00:06]} 49. Rd8 {[%clk 0:01:34]} Kxc5 {[%clk 0:00:07]} 50. Rxd7
{[%clk 0:01:35]} Kb5 {[%clk 0:00:08]} 51. Rc7 {[%clk 0:01:36]} Kxa5
{[%clk 0:00:09]} 52. Rxc6 {[%clk 0:01:37]} 1-0

[Event "blitz-d18"]
[Site "?"]
[Date "2021.08.27"]
[Round "13.4"]
[White "Mirowska, Oliwia"]
[Black "Marcinczyk, Monika"]
[Result "0-1"]
[BlackElo "1640"]
[WhiteElo "1601"]
[LiveChessVersion "1.4.4"]

1. f4 {[%clk 0:03:03]} d5 {[%clk 0:03:03]} 2. Nf3 {[%clk 0:03:04]} c5
{[%clk 0:03:05]} 3. g3 {[%clk 0:03:05]} Nc6 {[%clk 0:03:06]} 4. Bg2
{[%clk 0:03:06]} g6 {[%clk 0:03:06]} 5. O-O {[%clk 0:03:06]} Bg7 {[%clk 0:03:07]}
6. d3 {[%clk 0:03:07]} Nf6 {[%clk 0:03:08]} 7. c3 {[%clk 0:03:08]} O-O
{[%clk 0:03:07]} 8. Qe1 {[%clk 0:03:08]} d4 {[%clk 0:03:06]} 9. Bd2
{[%clk 0:03:06]} Be6 {[%clk 0:02:59]} 10. h3 {[%clk 0:03:02]} Qc8
{[%clk 0:02:51]} 11. Kh2 {[%clk 0:03:02]} Rd8 {[%clk 0:02:52]} 12. Nh4
{[%clk 0:02:55]} Bd5 {[%clk 0:02:51]} 13. Nf3 {[%clk 0:02:51]} b5
{[%clk 0:02:39]} 14. Na3 {[%clk 0:02:47]} Rb8 {[%clk 0:02:38]} 15. e4
{[%clk 0:02:32]} dxe3 {[%clk 0:02:36]} 16. Bxe3 {[%clk 0:02:33]} b4
{[%clk 0:02:28]} 17. Nc2 {[%clk 0:02:21]} c4 {[%clk 0:02:19]} 18. d4
{[%clk 0:02:08]} bxc3 {[%clk 0:02:14]} 19. bxc3 {[%clk 0:02:07]} Rb2
{[%clk 0:02:09]} 20. Qc1 {[%clk 0:02:05]} Qb7 {[%clk 0:02:07]} 21. Nb4
{[%clk 0:01:58]} Rxg2+ {[%clk 0:02:00]} 22. Kxg2 {[%clk 0:01:58]} Nxb4 23. cxb4
{[%clk 0:01:58]} Qxb4 {[%clk 0:01:35]} 24. Rb1 {[%clk 0:01:55]} Qa4
{[%clk 0:01:33]} 25. a3 {[%clk 0:01:20]} Be4 {[%clk 0:01:34]} 26. Rb4
{[%clk 0:01:17]} Qa6 {[%clk 0:01:31]} 27. Rf2 {[%clk 0:01:02]} Nd5 28. Rb1
{[%clk 0:00:42]} Nxe3+ {[%clk 0:01:18]} 29. Qxe3 {[%clk 0:00:40]} Bxb1
{[%clk 0:01:19]} 30. Qxe7 {[%clk 0:00:34]} Bf6 {[%clk 0:01:12]} 31. Qe1
{[%clk 0:00:30]} Bd3 {[%clk 0:01:08]} 32. Ne5 {[%clk 0:00:15]} Rxd4
{[%clk 0:01:03]} 33. Qb4 {[%clk 0:00:09]} Qd6 {[%clk 0:01:00]} 34. Qxd6
{[%clk 0:00:04]} Rxd6 {[%clk 0:01:01]} 35. Nxd3 {[%clk 0:00:04]} cxd3
{[%clk 0:01:02]} 36. Rd2 {[%clk 0:00:05]} Bc3 {[%clk 0:01:03]} 37. Rd1
{[%clk 0:00:06]} d2 {[%clk 0:01:02]} 38. Kf2 {[%clk 0:00:08]} Re6 0-1

[Event "blitz-d18"]
[Site "?"]
[Date "2021.08.27"]
[Round "13.5"]
[White "Libura, Julianna"]
[Black "Zarebska, Lena"]
[Result "1-0"]
[BlackElo "1635"]
[WhiteElo "1457"]
[LiveChessVersion "1.4.4"]

1. e4 {[%clk 0:03:03]} c5 {[%clk 0:03:03]} 2. Nf3 {[%clk 0:03:04]} Nc6
{[%clk 0:03:03]} 3. d4 {[%clk 0:03:05]} cxd4 {[%clk 0:03:03]} 4. Nxd4
{[%clk 0:03:06]} Nf6 {[%clk 0:03:03]} 5. Nc3 {[%clk 0:03:06]} e5 {[%clk 0:03:04]}
6. Ndb5 {[%clk 0:03:07]} d6 {[%clk 0:03:04]} 7. Bg5 {[%clk 0:03:05]} a6
{[%clk 0:03:05]} 8. Na3 {[%clk 0:03:05]} b5 {[%clk 0:03:05]} 9. Nd5
{[%clk 0:03:06]} Be7 {[%clk 0:03:05]} 10. Bxf6 {[%clk 0:03:06]} Bxf6
{[%clk 0:03:04]} 11. c3 {[%clk 0:03:07]} O-O {[%clk 0:03:03]} 12. Nc2
{[%clk 0:03:05]} Rb8 {[%clk 0:02:58]} 13. Nce3 {[%clk 0:02:53]} Bg5
{[%clk 0:02:49]} 14. h4 {[%clk 0:02:49]} Be7 {[%clk 0:02:42]} 15. Be2
{[%clk 0:02:34]} Be6 {[%clk 0:02:35]} 16. g4 {[%clk 0:02:19]} a5 {[%clk 0:02:30]}
17. g5 {[%clk 0:02:11]} b4 {[%clk 0:02:26]} 18. Nf5 {[%clk 0:01:48]} bxc3
{[%clk 0:01:48]} 19. bxc3 {[%clk 0:01:45]} Qd7 {[%clk 0:01:09]} 20. Bg4
{[%clk 0:01:12]} Bd8 {[%clk 0:00:58]} 21. Qd2 {[%clk 0:00:59]} a4
{[%clk 0:00:32]} 22. h5 {[%clk 0:00:41]} a3 {[%clk 0:00:18]} 23. Rg1
{[%clk 0:00:25]} Rb2 {[%clk 0:00:07]} 24. Qe3 {[%clk 0:00:25]} Ba5
{[%clk 0:00:05]} 25. g6 {[%clk 0:00:16]} fxg6 {[%clk 0:00:04]} 26. hxg6
{[%clk 0:00:16]} h6 1-0

[Event "blitz-d18"]
[Site "?"]
[Date "2021.08.27"]
[Round "13.6"]
[White "Kroliczek, Gabriela"]
[Black "Polak, Sylwia"]
[Result "1-0"]
[BlackElo "1529"]
[WhiteElo "1791"]
[LiveChessVersion "1.4.4"]

1. e4 {[%clk 0:03:03]} c5 {[%clk 0:03:04]} 2. a3 {[%clk 0:03:04]} e6
{[%clk 0:03:04]} 3. b4 {[%clk 0:03:06]} cxb4 {[%clk 0:03:05]} 4. axb4
{[%clk 0:03:07]} Bxb4 {[%clk 0:03:05]} 5. Bb2 {[%clk 0:03:08]} Nf6
{[%clk 0:03:04]} 6. e5 {[%clk 0:03:09]} Ng8 {[%clk 0:03:03]} 7. Qg4
{[%clk 0:03:08]} Bf8 {[%clk 0:03:00]} 8. Nc3 {[%clk 0:03:04]} Nc6
{[%clk 0:03:01]} 9. Ne4 {[%clk 0:02:56]} Nh6 {[%clk 0:02:39]} 10. Qf4
{[%clk 0:02:37]} Nf5 {[%clk 0:02:14]} 11. g4 {[%clk 0:02:10]} Nfd4
{[%clk 0:02:08]} 12. Bd3 {[%clk 0:02:11]} Qc7 {[%clk 0:01:56]} 13. Nd6+
{[%clk 0:02:07]} Bxd6 {[%clk 0:01:51]} 14. exd6 {[%clk 0:02:08]} Qb6
{[%clk 0:01:52]} 15. Bc3 {[%clk 0:02:04]} e5 {[%clk 0:01:32]} 16. Qg5
{[%clk 0:01:46]} g6 {[%clk 0:01:11]} 17. Qf6 {[%clk 0:01:39]} Rf8
{[%clk 0:01:09]} 18. Kf1 {[%clk 0:00:55]} Qd8 {[%clk 0:00:51]} 19. Qg7
{[%clk 0:00:54]} Qh4 {[%clk 0:00:28]} 20. Bxd4 {[%clk 0:00:49]} Nxd4
{[%clk 0:00:15]} 21. Qxe5+ {[%clk 0:00:49]} Ne6 {[%clk 0:00:16]} 22. h3
{[%clk 0:00:42]} Qg5 {[%clk 0:00:12]} 23. Qe2 {[%clk 0:00:36]} Qd5
{[%clk 0:00:13]} 24. Nf3 {[%clk 0:00:24]} Qxd6 {[%clk 0:00:14]} 25. Be4
{[%clk 0:00:17]} Rb8 {[%clk 0:00:14]} 26. Rxa7 {[%clk 0:00:18]} Qb4
{[%clk 0:00:14]} 27. Kg2 {[%clk 0:00:17]} b6 {[%clk 0:00:12]} 28. Bd5
{[%clk 0:00:15]} Qd6 {[%clk 0:00:10]} 29. Bb3 {[%clk 0:00:13]} Bb7
{[%clk 0:00:10]} 30. Re1 {[%clk 0:00:09]} Kd8 {[%clk 0:00:11]} 31. Qe3
{[%clk 0:00:09]} Nd4 {[%clk 0:00:12]} 32. Rxb7 {[%clk 0:00:08]} Rxb7
{[%clk 0:00:12]} 33. Nxd4 {[%clk 0:00:09]} b5 {[%clk 0:00:11]} 34. Nf3
{[%clk 0:00:08]} Rc7 {[%clk 0:00:11]} 35. Ne5 {[%clk 0:00:09]} Re8
{[%clk 0:00:10]} 36. Nxf7+ {[%clk 0:00:10]} 1-0

[Event "blitz-d18"]
[Site "?"]
[Date "2021.08.27"]
[Round "13.7"]
[White "Adamczyk, Zuzanna"]
[Black "Czarniecka, Aleksandra"]
[Result "1-0"]
[BlackElo "1776"]
[WhiteElo "1720"]
[LiveChessVersion "1.4.4"]

1. d4 {[%clk 0:03:02]} Nf6 {[%clk 0:03:04]} 2. c4 {[%clk 0:03:03]} g6
{[%clk 0:03:05]} 3. g3 {[%clk 0:03:04]} Bg7 {[%clk 0:03:06]} 4. Bg2
{[%clk 0:03:05]} O-O {[%clk 0:03:07]} 5. Nc3 {[%clk 0:03:06]} d6 {[%clk 0:03:08]}
6. Nf3 {[%clk 0:03:07]} Nc6 {[%clk 0:03:09]} 7. O-O {[%clk 0:03:05]} e5
{[%clk 0:03:11]} 8. dxe5 {[%clk 0:02:50]} dxe5 {[%clk 0:03:11]} 9. Qxd8
{[%clk 0:02:37]} Rxd8 {[%clk 0:03:06]} 10. Nb5 {[%clk 0:02:34]} Ne8
{[%clk 0:02:55]} 11. Bg5 {[%clk 0:02:31]} f6 {[%clk 0:02:56]} 12. Be3
{[%clk 0:02:32]} a6 {[%clk 0:02:54]} 13. Na3 {[%clk 0:02:18]} Be6
{[%clk 0:02:49]} 14. Rad1 {[%clk 0:02:11]} Bf8 {[%clk 0:02:45]} 15. Nd2
{[%clk 0:01:49]} Nd6 {[%clk 0:02:24]} 16. f4 {[%clk 0:01:02]} Nf5
{[%clk 0:02:09]} 17. Bf2 {[%clk 0:01:03]} exf4 {[%clk 0:02:01]} 18. gxf4
{[%clk 0:01:03]} Nfd4 {[%clk 0:01:54]} 19. e3 {[%clk 0:00:56]} Bxa3
{[%clk 0:01:33]} 20. exd4 {[%clk 0:00:47]} Bb4 {[%clk 0:01:02]} 21. a3
{[%clk 0:00:41]} Bxd2 {[%clk 0:00:57]} 22. Rxd2 {[%clk 0:00:42]} Bxc4
{[%clk 0:00:57]} 23. Rc1 {[%clk 0:00:43]} Bb5 {[%clk 0:00:46]} 24. b3
{[%clk 0:00:40]} Ne7 {[%clk 0:00:23]} 25. Rxc7 {[%clk 0:00:36]} Nd5
{[%clk 0:00:21]} 26. Bxd5+ {[%clk 0:00:34]} Rxd5 {[%clk 0:00:22]} 27. Rxb7
{[%clk 0:00:31]} Rc8 {[%clk 0:00:20]} 28. Rb6 {[%clk 0:00:27]} Rc1+
{[%clk 0:00:19]} 29. Kg2 {[%clk 0:00:28]} Bf1+ {[%clk 0:00:11]} 30. Kf3
{[%clk 0:00:22]} g5 {[%clk 0:00:09]} 31. Be3 {[%clk 0:00:20]} h6 {[%clk 0:00:08]}
32. Rxf6 {[%clk 0:00:19]} Kg7 {[%clk 0:00:10]} 33. Rb6 {[%clk 0:00:19]} Ra1
{[%clk 0:00:09]} 34. a4 {[%clk 0:00:20]} gxf4 {[%clk 0:00:08]} 35. Bxf4
{[%clk 0:00:18]} Rf5 {[%clk 0:00:10]} 36. Rc2 {[%clk 0:00:17]} Bd3
{[%clk 0:00:08]} 37. Rc7+ {[%clk 0:00:17]} Rf7 {[%clk 0:00:08]} 38. Rxf7+ Kxf7
{[%clk 0:00:10]} 39. Bxh6 {[%clk 0:00:15]} Rh1 {[%clk 0:00:09]} 40. Bf4
{[%clk 0:00:16]} Rf1+ {[%clk 0:00:10]} 41. Kg3 {[%clk 0:00:16]} Bc2
{[%clk 0:00:10]} 42. b4 {[%clk 0:00:16]} Bxa4 {[%clk 0:00:11]} 43. Rxa6
{[%clk 0:00:17]} Bb5 {[%clk 0:00:11]} 44. Ra7+ {[%clk 0:00:18]} Ke6
{[%clk 0:00:11]} 45. Rb7 {[%clk 0:00:17]} Bc4 {[%clk 0:00:11]} 46. b5
{[%clk 0:00:17]} Kd5 {[%clk 0:00:12]} 47. Be5 {[%clk 0:00:17]} Rg1+
{[%clk 0:00:13]} 48. Kf2 {[%clk 0:00:18]} Rh1 {[%clk 0:00:13]} 49. b6
{[%clk 0:00:18]} Rb1 {[%clk 0:00:12]} 50. Rb8 {[%clk 0:00:16]} Kc6
{[%clk 0:00:10]} 51. Bc7 {[%clk 0:00:15]} Ba6 {[%clk 0:00:09]} 52. h4
{[%clk 0:00:11]} Rh1 {[%clk 0:00:08]} 53. Rh8 {[%clk 0:00:11]} Bb7
{[%clk 0:00:07]} 54. h5 {[%clk 0:00:12]} Kd5 {[%clk 0:00:07]} 55. h6
{[%clk 0:00:11]} Kxd4 {[%clk 0:00:07]} 56. h7 {[%clk 0:00:10]} Bd5
{[%clk 0:00:05]} 57. b7 {[%clk 0:00:09]} Bxb7 {[%clk 0:00:03]} 58. Rd8+
{[%clk 0:00:09]} Kc5 {[%clk 0:00:04]} 59. h8=Q {[%clk 0:00:07]} Rxh8
{[%clk 0:00:05]} 60. Rxh8 {[%clk 0:00:08]} Kc6 {[%clk 0:00:06]} 61. Bf4
{[%clk 0:00:09]} Kc5 {[%clk 0:00:07]} 62. Ke3 {[%clk 0:00:10]} Bd5
{[%clk 0:00:08]} 63. Rh5 {[%clk 0:00:11]} Kc6 {[%clk 0:00:10]} 64. Kd4
{[%clk 0:00:12]} Be6 {[%clk 0:00:10]} 65. Rh6 {[%clk 0:00:13]} Kd7
{[%clk 0:00:12]} 66. Ke5 {[%clk 0:00:14]} Bc4 {[%clk 0:00:13]} 67. Rd6+
{[%clk 0:00:15]} Kc7 {[%clk 0:00:13]} 68. Ke4 1-0

[Event "blitz-d18"]
[Site "?"]
[Date "2021.08.27"]
[Round "13.8"]
[White "Wojtas, Julia"]
[Black "Furtak, Joanna"]
[Result "0-1"]
[BlackElo "1725"]
[WhiteElo "1354"]
[LiveChessVersion "1.4.4"]

1. e4 {[%clk 0:03:03]} Nf6 {[%clk 0:03:03]} 2. e5 {[%clk 0:03:03]} Nd5
{[%clk 0:03:04]} 3. c4 {[%clk 0:03:04]} Nb6 {[%clk 0:03:05]} 4. d4
{[%clk 0:03:05]} d6 {[%clk 0:03:06]} 5. exd6 {[%clk 0:03:06]} cxd6
{[%clk 0:03:07]} 6. b3 {[%clk 0:03:07]} g6 {[%clk 0:03:05]} 7. Bb2
{[%clk 0:03:08]} Bg7 {[%clk 0:03:06]} 8. Nc3 {[%clk 0:03:09]} O-O
{[%clk 0:03:06]} 9. Bd3 {[%clk 0:03:09]} Bxd4 {[%clk 0:02:49]} 10. Nge2
{[%clk 0:03:09]} Bg7 {[%clk 0:02:49]} 11. O-O {[%clk 0:03:09]} Nc6
{[%clk 0:02:49]} 12. Rc1 {[%clk 0:03:09]} Bg4 {[%clk 0:02:29]} 13. h3
{[%clk 0:03:02]} Bd7 {[%clk 0:02:29]} 14. Kh1 {[%clk 0:03:02]} Rc8
{[%clk 0:02:24]} 15. f4 {[%clk 0:03:02]} a6 {[%clk 0:01:53]} 16. Ba1
{[%clk 0:03:01]} f5 {[%clk 0:01:10]} 17. Qe1 {[%clk 0:02:29]} e5 {[%clk 0:01:06]}
18. fxe5 {[%clk 0:02:22]} dxe5 {[%clk 0:01:06]} 19. c5 {[%clk 0:02:20]} Na8
{[%clk 0:01:06]} 20. Bc4+ {[%clk 0:02:19]} Kh8 {[%clk 0:01:04]} 21. a4
{[%clk 0:02:17]} Na5 {[%clk 0:00:54]} 22. Bd5 {[%clk 0:01:27]} Bc6
{[%clk 0:00:53]} 23. Bxc6 {[%clk 0:01:26]} Nxc6 {[%clk 0:00:52]} 24. Rd1
{[%clk 0:01:25]} Qe7 {[%clk 0:00:50]} 25. Nd5 {[%clk 0:01:16]} Qxc5
{[%clk 0:00:47]} 26. b4 {[%clk 0:01:01]} Qa7 {[%clk 0:00:31]} 27. b5
{[%clk 0:00:53]} axb5 {[%clk 0:00:23]} 28. axb5 {[%clk 0:00:54]} Na5
{[%clk 0:00:23]} 29. Bc3 {[%clk 0:00:49]} b6 {[%clk 0:00:20]} 30. Nxb6
{[%clk 0:00:43]} Qxb6 {[%clk 0:00:14]} 31. Bxa5 {[%clk 0:00:42]} Qxb5
{[%clk 0:00:15]} 32. Rb1 {[%clk 0:00:43]} Qd5 {[%clk 0:00:16]} 33. Nc3
{[%clk 0:00:42]} Qxa5 {[%clk 0:00:16]} 34. Rf3 {[%clk 0:00:34]} e4
{[%clk 0:00:17]} 35. Re3 {[%clk 0:00:35]} Rxc3 {[%clk 0:00:13]} 36. Rxc3
{[%clk 0:00:35]} Qxc3 {[%clk 0:00:13]} 37. Qd1 {[%clk 0:00:34]} Qd3
{[%clk 0:00:14]} 38. Qe1 {[%clk 0:00:33]} Nc7 {[%clk 0:00:15]} 39. Rd1
{[%clk 0:00:34]} Qa3 {[%clk 0:00:16]} 40. Qg3 {[%clk 0:00:32]} Qxg3
{[%clk 0:00:16]} 0-1